Iconos de la ley
Zapisane w:
| 1. autor: | |
|---|---|
| Format: | Książka |
| Język: | hiszpański |
| Wydane: |
Buenos Aires
La Cebra
2009
|
| Wydanie: | 1a. ed |
| Hasła przedmiotowe: | |
| Etykiety: |
Dodaj etykietę
Nie ma etykietki, Dołącz pierwszą etykiete!
|
MARC
| LEADER | 00000cam a2200000 a 4500 | ||
|---|---|---|---|
| 001 | UCF1549 | ||
| 003 | CL-VaPUC | ||
| 008 | 120711e20090000AG |||||||||||||||||spa|d | ||
| 020 | |a 9789872477011 | ||
| 082 | 0 | 4 | |a 195 |b CAC |2 21 |
| 100 | 0 | |a Cacciari, Massimo |e author |9 563045 | |
| 245 | 1 | 0 | |a Iconos de la ley |
| 250 | |a 1a. ed | ||
| 300 | |a 347 p | ||
| 942 | |c BK | ||
| 945 | |d 20120711 00:00:00 |a cmena | ||
| 260 | |a Buenos Aires |b La Cebra |c 2009 | ||
| 650 | 0 | |a Filosofía italiana |9 265241 | |
| 650 | 0 | |a Filosofía contemporánea |9 265372 | |
| 650 | 0 | |a Escuelas filosóficas |9 266232 | |
| 583 | |a last modification |c 20120711 16:46:00 |k Rodrigo Vera | ||
| 999 | |c 348276 |d 348274 | ||
| 952 | |0 0 |1 0 |4 0 |6 195_000000000000000_CAC_2009 |7 0 |8 A |9 450236 |a BIBART |b BIBART |d 2019-11-22 |i 4882113 |o 195 CAC 2009 |p 4882113 |r 2025-03-13 |w 2019-11-22 |y BK |k ART | ||